Normal view
MARC view
- Asif,Anousha, Babar,Hanin, Anwar,Momina, Chaudhary,Nayab Iftikhar, Huda,Noor ul, & Rahim,Rabeeya
Entry Personal Name
001 - CONTROL NUMBER
- control field: 5021
003 - CONTROL NUMBER IDENTIFIER
- control field: NUST
005 - DATE AND TIME OF LATEST TRANSACTION
- control field: 20170926161454.0
008 - FIXED-LENGTH DATA ELEMENTS
- fixed length control field: 170926|| aca||aabn | a|a d
040 ## - CATALOGING SOURCE
- Original cataloging agency: NUST
- Transcribing agency: NUST
100 ## - HEADING--PERSONAL NAME
- Personal name: Asif,Anousha, Babar,Hanin, Anwar,Momina, Chaudhary,Nayab Iftikhar, Huda,Noor ul, & Rahim,Rabeeya
670 ## - SOURCE DATA FOUND
- Source citation: Work cat.: (NUST): Asif,Anousha, Babar,Hanin, Anwar,Momina, Chaudhary,Nayab Iftikhar, Huda,Noor ul, & Rahim,Rabeeya, Gender disparity at secondary level education-a comparative study of urban and rural Punjab , 2016
